Clips du top 50 de l'année 2015 - Statistiques

Statistiques générales
  • Ce quiz a été pris 539 fois
  • Le résultat moyen est 6 sur 8
Statistiques - réponses
Par images Réponse % Correct
Louane - Jour 1
96%
Soprano - Clown
92%
Maître Gims - Est-ce que tu m'aimes ?
88%
Nekfeu - On verra
87%
Kendji Girac - Conmigo
85%
Fréro Delavega - Le chant des sirènes
64%
Christine and the Queens - Christine
62%
LEJ - Summer 2015
60%
Aucun quiz correspondant
Distribution des résultats
% des personnes avec chaque résultat
Percentile par nombre de réponses
Votre historique - résultats
Vous n’avez pas pris ce quiz